[Event "4NCL 2009-10"]
[Site "Sunningdale ENG"]
[Date "2010.05.02"]
[Round "10"]
[White "Ward,C"]
[Black "Knott,S"]
[Result "1/2-1/2"]
[WhiteElo "2431"]
[BlackElo "2348"]
[EventDate "2009.10.24"]

1. d4 Nf6 2. c4 g6 3. Nc3 d5 4. Nf3 Bg7 5. Qb3 dxc4 6. Qxc4 O-O 7. e4 a6 8.
e5 Nfd7 9. Be3 b5 10. Qb3 c5 11. e6 cxd4 12. Bxd4 Bxd4 13. Nxd4 Nc5 14.
exf7+ Rxf7 15. Qd5 Qxd5 16. Nxd5 Nbd7 17. Be2 Bb7 18. Ne3 e5 19. Nb3 Nxb3
20. axb3 Nc5 21. b4 Nb3 22. Ra3 Nd4 23. Bd1 Rf4 24. Rc3 Rc8 25. O-O Kg7 26.
Re1 Rxc3 27. bxc3 Nc6 28. Bb3 Rf8 29. Ng4 Re8 30. Bd5 Nd8 31. Bxb7 Nxb7 32.
Rxe5 Rxe5 33. Nxe5 Kf6 34. Nf3 Ke6 35. Kf1 Kd5 36. Ke2 a5 37. bxa5 Nxa5 38.
Kd3 Nc6 39. Nd2 Ne5+ 40. Ke2 Nc6 41. Kd3 Ne5+ 42. Ke3 Ng4+ 43. Kf3 Ne5+ 44.
Kf4 Nc4 45. Ne4 Nb2 46. h4 Nd1 47. g4 Kc4 48. Nd6+ Kc5 49. Ne4+ Kc4 50.
Nd6+ Kc5 51. Nxb5 Kxb5 52. f3 Nxc3 53. Kg5 Nd5 54. Kh6 Kc6 55. Kxh7 Nf4 56.
Kh6 Kd7 57. Kg5 Ng2 58. f4 Ke7 59. Kxg6 Nxf4+ 60. Kh7 Kf8 61. g5 Kf7 62.
Kh6 Kg8 63. h5 Kh8 64. g6 Ne6 1/2-1/2

[Event "4NCL 2009-10"]
[Site "Sunningdale ENG"]
[Date "2010.05.02"]
[Round "10"]
[White "Dearing,E"]
[Black "Tiller,B"]
[Result "1/2-1/2"]
[WhiteElo "2406"]
[BlackElo "2378"]
[EventDate "2009.10.24"]

1. d4 b5 2. e4 a6 3. Nf3 Bb7 4. Bd3 Nf6 5. e5 Nd5 6. Ng5 e6 7. Qf3 f5 8.
exf6 Qxf6 9. Bxh7 Qxf3 10. Bg6+ Kd8 11. Nxf3 c5 12. Ne5 Kc7 13. dxc5 Bxc5
14. Be4 d6 15. Nd3 Bb6 16. Bg5 Nd7 17. Nd2 Raf8 18. c4 bxc4 19. Rc1 Nc5 20.
Rxc4 Kb8 21. Nxc5 Bxc5 22. O-O a5 23. Bxd5 Bxd5 24. Rf4 Rxf4 25. Bxf4 Rf8
26. Be3 Bxe3 27. fxe3 Rxf1+ 28. Kxf1 Bxa2 29. b3 Ka7 30. Ke2 Ka6 31. Kd3
Kb5 32. Kc3 a4 33. bxa4+ Kxa4 34. Ne4 Kb5 35. Nxd6+ Kc5 36. Ne4+ Kd5 37.
Nd2 Ke5 38. Kd3 Bd5 39. e4 Bc6 40. Ke3 Kf6 41. Kf4 e5+ 42. Kg4 g6 43. h4
Bb7 44. Kf3 Bc6 45. Nc4 Ke6 46. g4 Ba4 47. g5 Bc6 48. Ne3 Bb7 49. Ng4 Bc6
50. Nf6 Bb7 51. Kg4 Ba6 52. Kf3 Bb7 53. Ke3 Bc6 54. Kd3 Bb7 55. Kc4 Bc6 56.
Kc5 Ba4 57. Kb6 Bc2 58. Kc5 Bd3 59. Kb4 Bc2 60. Kc3 Ba4 61. Kd3 Bc6 62. Ng4
Bb7 63. Ke3 Bc6 64. Kf3 Ba4 65. Nf2 Bc6 66. Nh1 Ba4 67. Ng3 Bb3 1/2-1/2

[Event "4NCL 2009-10"]
[Site "Sunningdale ENG"]
[Date "2010.05.02"]
[Round "10"]
[White "Trent,L"]
[Black "Pinter,G"]
[Result "0-1"]
[WhiteElo "2445"]
[BlackElo "2349"]
[EventDate "2009.10.24"]

1. e4 c5 2. Nf3 e6 3. Nc3 d6 4. d4 cxd4 5. Nxd4 a6 6. Qe2 Qb6 7. Nb3 Qc7 8.
g4 b5 9. Bg2 b4 10. e5 d5 11. Nxd5 exd5 12. Bxd5 Bb7 13. Bxb7 Qxb7 14. O-O
Ne7 15. Na5 Qb5 16. Nc4 Nc8 17. a4 Qc6 18. Rd1 Be7 19. Nd6+ Bxd6 20. exd6+
Kd8 21. d7 Nxd7 22. Bg5+ f6 23. Bf4 Re8 24. Qd3 Ra7 25. Qxh7 Qe4 26. Qxe4
Rxe4 27. Bg3 Rxg4 28. a5 Rb7 29. b3 f5 30. f4 Rg6 31. Kf1 Rc6 32. Rd2 Kc7
33. Rad1 Nc5 34. Rd5 g6 35. Bf2 Ne4 36. Bd4 Re6 37. Be5+ Kc6 38. Rd8 Ne7
39. Ra8 Kb5 40. Rd5+ Kc6 41. Rd3 Kb5 42. Rd1 Kxa5 0-1

[Event "4NCL 2009-10"]
[Site "Sunningdale ENG"]
[Date "2010.05.02"]
[Round "10"]
[White "Mah,K"]
[Black "Greet,A"]
[Result "1/2-1/2"]
[WhiteElo "2417"]
[BlackElo "2431"]
[EventDate "2009.10.24"]

1. Nf3 Nf6 2. g3 d5 3. Bg2 Bf5 4. O-O e6 5. c4 c6 6. b3 Bd6 7. Bb2 O-O 8.
d3 Qe7 9. Nc3 Ba3 10. Bxa3 Qxa3 11. Nh4 d4 12. Ne4 Bxe4 13. dxe4 Rd8 14.
Qd2 Qc5 15. h3 Na6 16. f4 d3+ 17. Kh2 Qb4 18. Rfd1 Qxd2 19. Rxd2 dxe2 20.
Rxe2 Nd7 21. Rd1 Ndc5 22. Red2 Rxd2 23. Rxd2 Kf8 24. e5 Ke7 25. Nf3 Rd8 26.
Rxd8 Kxd8 27. Ng5 Ke7 28. Ne4 Nxe4 1/2-1/2

[Event "4NCL 2009-10"]
[Site "Sunningdale ENG"]
[Date "2010.05.02"]
[Round "10"]
[White "McDonald,N"]
[Black "Moskovic,D"]
[Result "1-0"]
[WhiteElo "2412"]
[BlackElo "2307"]
[EventDate "2009.10.24"]

1. e4 c5 2. Nf3 d6 3. d4 cxd4 4. Nxd4 Nf6 5. Nc3 a6 6. Be3 e5 7. Nf3 Be7 8.
Bc4 O-O 9. O-O Be6 10. Bb3 Nc6 11. Bg5 Rc8 12. Bxf6 Bxf6 13. Nd5 Bxd5 14.
Qxd5 Na5 15. Rfd1 Be7 16. Nd2 Nxb3 17. axb3 Qc7 18. c3 g6 19. Nc4 Rcd8 20.
Kh1 Kg7 21. Rd3 f5 22. exf5 Rxf5 23. f3 Rf4 24. Rad1 Qc8 25. Nd2 Rdf8 26.
Ne4 Kh6 27. c4 R8f5 28. c5 dxc5 29. Qd7 Qf8 30. Qxb7 Rh5 31. Ng3 Rg5 32.
Rd7 Rf7 33. Qe4 Bf6 34. Qe3 Kg7 35. Ne4 Rf5 36. Nxf6 R5xf6 37. Qxe5 Kg8 38.
Rd8 1-0

[Event "4NCL 2009-10"]
[Site "Sunningdale ENG"]
[Date "2010.05.02"]
[Round "10"]
[White "Pickard,C"]
[Black "Houska,Jo"]
[Result "0-1"]
[WhiteElo "2191"]
[BlackElo "2381"]
[EventDate "2009.10.24"]

1. c4 c6 2. Nf3 Nf6 3. d4 e6 4. Bf4 d5 5. e3 Bd6 6. Bxd6 Qxd6 7. Nc3 Nbd7
8. cxd5 exd5 9. Bd3 O-O 10. Qc2 b6 11. O-O Bb7 12. Rfd1 Rfe8 13. Rac1 Rac8
14. a3 c5 15. Bf5 c4 16. Nb5 Qb8 17. Ne5 Bc6 18. Nxc6 Rxc6 19. Qa4 a5 20.
b3 Rec8 21. Rc3 cxb3 22. Qxb3 Rxc3 23. Nxc3 Qb7 24. Rb1 g6 25. Bd3 Qc6 26.
Na4 Kg7 27. h3 Qe6 28. Nc3 Qc6 29. Na4 Rc7 30. Bb5 Qe6 31. Nc3 Qf5 32. Rb2
h5 33. Rd2 Rxc3 34. Qxc3 Qb1+ 35. Bf1 Ne4 36. Qc2 Nxd2 37. Qxd2 Nf6 38. Qd3
Qe1 39. f3 h4 40. Qe2 Qa1 41. Qd3 Nh5 42. g4 Ng3 0-1

[Event "4NCL 2009-10"]
[Site "Sunningdale ENG"]
[Date "2010.05.02"]
[Round "10"]
[White "Sowray,P"]
[Black "Eckersley Waites,A"]
[Result "1-0"]
[WhiteElo "2318"]
[BlackElo "2197"]
[EventDate "2009.10.24"]

1. e4 c5 2. Nf3 d6 3. d4 cxd4 4. Nxd4 Nf6 5. Nc3 g6 6. Be3 Bg7 7. f3 Nc6 8.
Qd2 O-O 9. Bc4 Bd7 10. O-O-O Rc8 11. Bb3 Ne5 12. Kb1 Re8 13. h4 h5 14. g4
hxg4 15. h5 Nxh5 16. Bh6 e6 17. Rdg1 Qf6 18. fxg4 Bxh6 19. Qxh6 Qg7 20. Qd2
Nf6 21. g5 Nh5 22. Nce2 Nc4 23. Bxc4 Rxc4 24. b3 Rc5 25. Ng3 Nf4 26. Qxf4
Qxd4 27. Rg2 Rf5 28. Nxf5 exf5 29. Rd2 Qc3 30. Rd3 Qg7 31. Rdh3 fxe4 32.
Rh7 1-0

[Event "4NCL 2009-10"]
[Site "Sunningdale ENG"]
[Date "2010.05.02"]
[Round "10"]
[White "Beckett,C"]
[Black "Tjolsen,K"]
[Result "0-1"]
[WhiteElo "2098"]
[BlackElo "2178"]
[EventDate "2009.10.24"]

1. d4 d5 2. c4 c6 3. cxd5 cxd5 4. Bf4 Nc6 5. Nc3 Nf6 6. Nf3 Bf5 7. e3 e6 8.
Qb3 Bb4 9. Bb5 Qa5 10. O-O O-O 11. Bxc6 bxc6 12. Bc7 Qxc7 13. Qxb4 Rab8 14.
Qa3 Nd7 15. Rac1 Rfc8 16. Nh4 Bg4 17. f3 Bh5 18. g4 Qd8 19. Ng2 Bg6 20. b3
c5 21. dxc5 Nxc5 22. Nf4 Qb6 23. Nxg6 hxg6 24. Rfd1 a5 25. Rd4 g5 26. h3
Qa6 27. Nxd5 exd5 28. Rxc5 Qe2 29. Qc1 Rxc5 30. Qxc5 Qxe3+ 31. Kg2 Qe2+ 32.
Kh1 Qf1+ 33. Kh2 Qf2+ 34. Kh1 Re8 0-1

[Event "4NCL 2009-10"]
[Site "Sunningdale ENG"]
[Date "2010.05.02"]
[Round "10"]
[White "Jirka,J"]
[Black "Conquest,S"]
[Result "1-0"]
[WhiteElo "2404"]
[BlackElo "2563"]
[EventDate "2009.10.24"]

1. d4 e6 2. c4 b6 3. a3 Ba6 4. Nd2 c5 5. d5 exd5 6. cxd5 Nf6 7. e4 Bxf1 8.
Kxf1 d6 9. Ne2 Nbd7 10. Nc3 a6 11. b4 g6 12. b5 Bg7 13. Rb1 O-O 14. bxa6
Rxa6 15. Qe2 Ra8 16. Nb5 Qe7 17. h4 Rae8 18. Nc7 Rc8 19. Nb5 Rfe8 20. Na7
Ra8 21. Nc6 Qf8 22. Qd3 Ng4 23. Nc4 h5 24. Rh3 Ra4 25. Qc2 Ra6 26. Rhb3 f5
27. exf5 gxf5 28. Bf4 Nge5 29. Rg3 Qf6 30. Bg5 Qf8 31. Bf4 Qf6 32. Bxe5
dxe5 33. Qe2 f4 34. Rg5 Raa8 35. Qxh5 e4 36. Qg4 Nf8 37. Nd6 e3 38. Nxe8
Rxe8 39. fxe3 fxe3+ 40. Kg1 e2 41. Re1 1-0

[Event "4NCL 2009-10"]
[Site "Sunningdale ENG"]
[Date "2010.05.02"]
[Round "10"]
[White "King,D"]
[Black "Taulbut,S"]
[Result "1-0"]
[WhiteElo "2494"]
[BlackElo "2388"]
[EventDate "2009.10.24"]

1. e4 d5 2. exd5 Nf6 3. d4 Bg4 4. Nf3 Qxd5 5. Be2 Nc6 6. h3 Bxf3 7. Bxf3
Qd7 8. O-O Nxd4 9. Bxb7 Rb8 10. Ba6 e6 11. c3 Nf5 12. Bd3 g6 13. Qe2 Be7
14. Nd2 O-O 15. Nf3 Bd6 16. Rd1 Qc6 17. Ne5 Qc5 18. Nc4 Rfe8 19. Qf3 Qd5
20. Be2 Qxf3 21. Bxf3 Nd5 22. Kf1 Bf8 23. Bxd5 exd5 24. Rxd5 Re4 25. b3 Bg7
26. Bd2 1-0

[Event "4NCL 2009-10"]
[Site "Sunningdale ENG"]
[Date "2010.05.02"]
[Round "10"]
[White "Richardson,Joh"]
[Black "Berzinsh,R"]
[Result "1/2-1/2"]
[WhiteElo "2298"]
[BlackElo "2424"]
[EventDate "2009.10.24"]

1. d4 Nf6 2. c4 e6 3. Nc3 Bb4 4. e3 b6 5. Nge2 Ba6 6. a3 Be7 7. Nf4 O-O 8.
d5 Bd6 9. Nh5 Be5 10. Bd3 Bxc3+ 11. bxc3 exd5 12. cxd5 Nxh5 13. Bxa6 Nxa6
14. Qxh5 Nc5 15. O-O Qf6 16. Bb2 Na4 17. Qe2 c5 18. Qb5 Nxb2 19. Qxb2 a6
20. a4 Rab8 21. Rfb1 b5 22. axb5 Rxb5 23. Qa3 Rfb8 24. Rxb5 Rxb5 25. h3 h5
26. c4 Rb4 27. Qa5 Rxc4 28. Rf1 Qf5 29. d6 Rc2 30. Qxa6 Kh7 31. Qb5 Rd2 32.
e4 Qxe4 33. Qxd7 Qf4 34. Qc7 Rxd6 1/2-1/2

[Event "4NCL 2009-10"]
[Site "Sunningdale ENG"]
[Date "2010.05.02"]
[Round "10"]
[White "Buckley,G"]
[Black "Snape,I"]
[Result "1-0"]
[WhiteElo "2388"]
[BlackElo "2189"]
[EventDate "2009.10.24"]

1. d4 Nf6 2. Bg5 e6 3. e4 h6 4. Bxf6 Qxf6 5. c3 d6 6. Bd3 e5 7. Ne2 g5 8.
Na3 c6 9. Ng3 g4 10. Nc4 h5 11. Qb3 b6 12. O-O h4 13. Nf5 Bxf5 14. exf5 Nd7
15. a4 e4 16. Bxe4 d5 17. Bxd5 cxd5 18. Rfe1+ Kd8 19. Ne5 g3 20. Qxd5 gxf2+
21. Kxf2 Bd6 22. Qxa8+ Bb8 23. Kg1 Rg8 24. Qd5 Bxe5 25. dxe5 1-0

[Event "4NCL 2009-10"]
[Site "Sunningdale ENG"]
[Date "2010.05.02"]
[Round "10"]
[White "Anderton,D"]
[Black "Lalic,S"]
[Result "1/2-1/2"]
[WhiteElo "2211"]
[BlackElo "2310"]
[EventDate "2009.10.24"]

1. d4 Nf6 2. c4 e6 3. Nc3 Bb4 4. Qc2 d5 5. cxd5 exd5 6. Bg5 c5 7. dxc5 h6
8. Bh4 g5 9. Bg3 Ne4 10. e3 Qa5 11. Nge2 Bf5 12. Be5 O-O 13. Nd4 Re8 14.
Bxb8 Bg6 15. Bd3 Raxb8 16. O-O Qxc5 17. Rac1 Bxc3 18. Bxe4 Bxd4 19. Bxg6
Qxc2 20. Rxc2 fxg6 21. exd4 Rbc8 22. Rd2 Kg7 23. f3 Rc4 24. Kf2 Kf6 25. Re1
Rxe1 26. Kxe1 Rc1+ 27. Ke2 Rh1 28. h3 Rc1 29. Kf2 h5 30. g3 a5 31. b3 b5
32. Kg2 b4 33. Kf2 Rc3 34. g4 Rc1 35. Kg2 Ke6 36. Re2+ Kf6 37. Rd2 Rc3 38.
Kf2 h4 39. Ke2 Rc1 40. Rd1 Rc2+ 41. Rd2 Rc1 1/2-1/2

[Event "4NCL 2009-10"]
[Site "Sunningdale ENG"]
[Date "2010.05.02"]
[Round "10"]
[White "Povah,N"]
[Black "Bellin,J"]
[Result "1-0"]
[WhiteElo "2336"]
[BlackElo "2151"]
[EventDate "2009.10.24"]

1. d4 Nf6 2. Nf3 b6 3. Bg5 Ne4 4. Bh4 Bb7 5. Nbd2 d5 6. e3 Nd7 7. Nxe4 dxe4
8. Nd2 g6 9. c3 Bg7 10. Qc2 f5 11. Qb3 Nf6 12. Bb5+ c6 13. Bc4 Nd5 14. O-O
Bf6 15. Bg3 O-O 16. Rae1 Kg7 17. f3 Bg5 18. Bf2 Nf6 19. fxe4 fxe4 20. Bg3
Bc8 21. Be5 Bf5 22. Be6 Bxe6 23. Qxe6 Qd5 24. Qxe7+ Rf7 25. Bxf6+ Bxf6 26.
Qxe4 Qxa2 27. Qxc6 Raf8 28. Ne4 Bh4 29. g3 Rxf1+ 30. Rxf1 Rxf1+ 31. Kxf1
Qb1+ 32. Kg2 Qxb2+ 33. Kh3 Qe2 34. Qc7+ Kg8 35. Qb8+ Kg7 36. Qe5+ Kg8 37.
Kxh4 1-0

[Event "4NCL 2009-10"]
[Site "Sunningdale ENG"]
[Date "2010.05.02"]
[Round "10"]
[White "Williams,Pe"]
[Black "Wall,G"]
[Result "0-1"]
[WhiteElo "1961"]
[BlackElo "2296"]
[EventDate "2009.10.24"]

1. f4 g6 2. Nf3 Bg7 3. e4 d5 4. exd5 Qxd5 5. Be2 Nc6 6. Nc3 Qa5 7. O-O Bg4
8. Ne5 Bxe2 9. Qxe2 Nxe5 10. fxe5 Qxe5 11. Qf3 O-O-O 12. d3 Nf6 13. Bf4 Qa5
14. Rae1 Nh5 15. Bd2 f5 16. Re6 c6 17. Rfe1 Bf6 18. b4 Qc7 19. b5 cxb5 20.
Ne2 Rd6 21. Nf4 Nxf4 22. Bxf4 Qb6+ 23. Be3 Qc6 24. Rxd6 Qxf3 25. gxf3 exd6
26. Bxa7 Kd7 27. Bf2 Ra8 28. Rb1 Rxa2 29. Rxb5 Kc6 30. c4 Be5 31. h3 Rd2
32. Rd5 h5 33. Kf1 Rd1+ 34. Kg2 Rb1 35. Ra5 Rd1 36. Rd5 Bf4 37. Rd4 Bh6 38.
Rd5 Rd2 39. Kf1 Bg7 40. Bg3 Bf8 41. Bf2 Be7 42. Ke1 Rb2 43. Ra5 Rb1+ 44.
Ke2 Rh1 45. Ra8 Rxh3 46. Re8 Kd7 47. Rb8 Kc7 48. Re8 Bd8 49. Rg8 g5 50.
Rg7+ Kc8 51. Rg8 Kd7 52. Rg7+ Be7 53. c5 g4 54. fxg4 hxg4 55. cxd6 Kxd6 56.
Bc5+ Kxc5 57. Rxe7 f4 58. Rxb7 Rh2+ 59. Kf1 Kd4 60. Rf7 Ke3 61. d4 Kf3 62.
Kg1 Rd2 0-1

[Event "4NCL 2009-10"]
[Site "Sunningdale ENG"]
[Date "2010.05.02"]
[Round "10"]
[White "Slaby,Je"]
[Black "Collinson,A"]
[Result "1-0"]
[WhiteElo "2463"]
[BlackElo "2393"]
[EventDate "2009.10.24"]

1. d4 Nf6 2. Nf3 g6 3. c4 Bg7 4. Nc3 O-O 5. e4 d6 6. h3 Na6 7. Bg5 h6 8.
Be3 e5 9. d5 Nc5 10. Nd2 a5 11. g4 c6 12. Be2 Bd7 13. h4 cxd5 14. cxd5 a4
15. g5 hxg5 16. hxg5 Nh7 17. Rg1 Qa5 18. Nc4 Qc7 19. Na3 Rfc8 20. Qd2 Bf8
21. f3 Qa5 22. Kf2 Rab8 23. Rh1 b5 24. Ncxb5 Qxd2 25. Bxd2 Be7 26. Rhg1 Rb7
27. Bc1 Rcb8 28. Nc3 Nf8 29. Nc4 Bb5 30. Na5 Ra7 31. Nc6 Bxc6 32. dxc6 Nfe6
33. Nd5 Bd8 34. Nf6+ Bxf6 35. gxf6 Rc7 36. Bc4 Rxc6 37. Bd5 Nd3+ 38. Ke3
Rxc1 39. Raxc1 Nxc1 40. Rxc1 Nc5 41. b3 axb3 42. axb3 Nd7 43. Rc7 Nxf6 44.
Bxf7+ Kf8 45. Bc4 Nh5 46. Kd3 Ke8 47. Kc3 Kd8 48. Rf7 Nf4 49. b4 Rc8 50.
Kb3 Rc7 51. Rf8+ Ke7 52. Rh8 Ne6 53. Bxe6 Kxe6 54. b5 d5 55. Re8+ Kd7 56.
Rxe5 dxe4 57. Rxe4 Rc1 58. Rd4+ Ke7 59. Kb4 Ke6 60. b6 Ke5 61. Rc4 Rf1 62.
Rc3 Kd6 63. Kb5 Rb1+ 64. Ka6 Kd5 65. b7 Kd4 66. Rc6 Kd5 67. Rxg6 1-0

[Event "4NCL 2009-10"]
[Site "Sunningdale ENG"]
[Date "2010.05.02"]
[Round "10"]
[White "Piper,M"]
[Black "Slavin,A"]
[Result "0-1"]
[WhiteElo "2304"]
[BlackElo "2331"]
[EventDate "2009.10.24"]

1. e4 c5 2. Nc3 g6 3. g3 Bg7 4. Bg2 Nc6 5. d3 d6 6. Bg5 Nf6 7. h3 O-O 8.
Qd2 Rb8 9. Bh6 Bxh6 10. Qxh6 Nd4 11. Qd2 e5 12. Nce2 d5 13. c3 Nc6 14. exd5
Nxd5 15. Nf3 f6 16. O-O Be6 17. Rad1 Qd7 18. Kh2 Rfd8 19. Rfe1 Nb6 20. Nc1
Rbc8 21. Qe2 Qf7 22. Nd2 Re8 23. Ne4 Qe7 24. a3 f5 25. Nd2 Bd5 26. Bxd5+
Nxd5 27. Qf3 Qd7 28. Re2 b5 29. Ncb3 Qd6 30. c4 Nc7 31. Rde1 b4 32. Qe3 Ne6
33. Nf3 bxa3 34. bxa3 Rb8 35. Nc1 Ned4 36. Rd2 Rb1 37. Red1 e4 38. dxe4
Rxe4 39. Qd3 Rxc1 40. Rxc1 Nxf3+ 0-1

[Event "4NCL 2009-10"]
[Site "Sunningdale ENG"]
[Date "2010.05.02"]
[Round "10"]
[White "Burrows,M"]
[Black "Devereaux,M"]
[Result "0-1"]
[WhiteElo "2172"]
[BlackElo "2387"]
[EventDate "2009.10.24"]

1. e4 c5 2. Nf3 Nc6 3. d4 cxd4 4. Nxd4 Nf6 5. Nc3 e5 6. Ndb5 d6 7. Bg5 a6
8. Na3 b5 9. Bxf6 gxf6 10. Nd5 Bg7 11. c3 f5 12. exf5 Bxf5 13. Nc2 Be6 14.
Nce3 Ne7 15. g3 Nxd5 16. Nxd5 O-O 17. Bg2 Rb8 18. O-O a5 19. Qd2 Kh8 20. a4
f5 21. axb5 Rxb5 22. c4 Rc5 23. Ra4 Bd7 24. Ra3 a4 25. Qb4 Qb8 26. Nb6 e4
27. Rd1 Be8 28. Bf1 Rc6 29. Nd5 Qxb4 30. Nxb4 Rb6 31. Nd5 Bxb2 32. Nxb6
Bxa3 33. Nxa4 f4 34. Nc3 e3 35. fxe3 fxe3 36. Be2 Bc6 37. Rf1 Re8 38. Nd5
Bc5 39. Kg2 Kg7 40. g4 Ra8 41. Rf5 Bd7 42. Rf4 Ra2 43. Kf3 Bc6 44. Rf5 Bb7
45. Rg5+ Kh8 46. h4 Rd2 47. h5 h6 48. Rf5 Kg7 49. g5 hxg5 50. Rxg5+ Kh6 51.
Rf5 Bc6 52. Rf8 Bxd5+ 53. cxd5 Kxh5 54. Rg8 Kh6 55. Rg1 Rxd5 56. Rd1 Rf5+
57. Ke4 Rg5 58. Rd5 Rg2 59. Kd3 Kg6 60. Bh5+ Kf6 61. Be2 Rf2 62. Rh5 Rf4
63. Rh6+ Ke5 64. Rh5+ Ke6 65. Kc3 Rd4 66. Rh6+ Kd7 67. Bb5+ Kc7 68. Re6 Kb6
69. Bc4 Rd2 70. Bd3 Kc7 71. Re7+ Kd8 72. Rb7 Ra2 73. Rb1 Kc7 74. Re1 Kc6
75. Re2 Ra3+ 76. Kc2 Kd5 77. Bb5 Kd4 78. Kb2 Ra5 79. Be8 Kd3 0-1

[Event "4NCL 2009-10"]
[Site "Sunningdale ENG"]
[Date "2010.05.02"]
[Round "10"]
[White "Rogers,Jo"]
[Black "Cumbers,P"]
[Result "1-0"]
[WhiteElo "2329"]
[BlackElo "2218"]
[EventDate "2009.10.24"]

1. Nf3 Nf6 2. d4 e6 3. c4 c5 4. g3 cxd4 5. Nxd4 a6 6. Bg2 Qc7 7. O-O Qxc4
8. Nc3 Qc7 9. Bg5 Nc6 10. Bxf6 gxf6 11. Rc1 Be7 12. e4 Qb6 13. Nf5 exf5 14.
Nd5 Qd8 15. exf5 O-O 16. Qh5 Kh8 17. Rfe1 Ne5 18. f4 d6 19. Rc7 Bd7 20.
fxe5 dxe5 21. Rxe5 Re8 22. Re4 Bc6 23. Rcxe7 Rxe7 24. Nxf6 Qd1+ 25. Qxd1
Bxe4 26. Qh5 Kg7 27. Qg5+ Kh8 28. Bxe4 1-0

[Event "4NCL 2009-10"]
[Site "Sunningdale ENG"]
[Date "2010.05.02"]
[Round "10"]
[White "Muter,D"]
[Black "Twyble,M"]
[Result "1/2-1/2"]
[WhiteElo "2221"]
[BlackElo "2264"]
[EventDate "2009.10.24"]

1. d4 Nf6 2. Nf3 g6 3. c4 Bg7 4. Nc3 O-O 5. e4 d6 6. Bg5 c5 7. d5 e6 8. Nd2
exd5 9. cxd5 Re8 10. Be2 Na6 11. O-O Nc7 12. a4 a6 13. Qc2 Rb8 14. Rab1 b5
15. axb5 Nxb5 16. Nxb5 axb5 1/2-1/2

[Event "4NCL 2009-10"]
[Site "Sunningdale ENG"]
[Date "2010.05.02"]
[Round "10"]
[White "Sands,D"]
[Black "Walton,A"]
[Result "1-0"]
[WhiteElo "2252"]
[BlackElo "2147"]
[EventDate "2009.10.24"]

1. d4 d5 2. c4 e5 3. dxe5 d4 4. Nf3 Nc6 5. a3 Nge7 6. b4 Ng6 7. Bb2 a5 8.
b5 Ncxe5 9. Nxe5 Nxe5 10. e3 Be6 11. Bxd4 Nxc4 12. Qc2 Nd6 13. Bd3 Qg5 14.
O-O Nxb5 15. Bxb5+ Qxb5 16. Qxc7 Qd7 17. Qb6 Be7 18. Nc3 O-O 19. Rfb1 Rfb8
20. Be5 Bf6 21. Bxf6 gxf6 22. Ne4 Qe7 23. Qd4 Kg7 24. Ng3 Rd8 25. Qh4 Rd6
26. h3 Rg8 27. Rb5 Kh8 28. Rxa5 Rg6 29. Ra8+ Rd8 30. Rxd8+ Qxd8 31. Qb4 Qc7
32. Kh2 Qc2 33. Qf4 b5 34. Re1 Bc4 35. e4 Qb2 36. Re3 Qa1 37. Rf3 Bf1 38.
Qb8+ Kg7 39. Nf5+ 1-0

[Event "4NCL 2009-10"]
[Site "Sunningdale ENG"]
[Date "2010.05.02"]
[Round "10"]
[White "Hunt,A"]
[Black "Sharpe,I"]
[Result "1-0"]
[WhiteElo "2422"]
[BlackElo "2250"]
[EventDate "2009.10.24"]

1. e4 e6 2. d4 d5 3. Nc3 Bb4 4. e5 c5 5. a3 Bxc3+ 6. bxc3 Qa5 7. Bd2 Qa4 8.
h4 b6 9. h5 Ne7 10. h6 g6 11. Nf3 Ba6 12. Bg5 Ng8 13. Qd2 Nd7 14. Rh4 Bxf1
15. Kxf1 cxd4 16. Nxd4 Rc8 17. Kg1 Rc4 18. Rb1 Nc5 19. Rb4 Qd7 20. Nb5 Rxh4
21. Nd6+ Kf8 22. Bxh4 Ne7 23. Bf6 Rg8 24. Bg7+ Rxg7 25. hxg7+ Kxg7 26. Rh4
Ng8 27. c4 dxc4 28. Rxc4 Kf8 29. Rf4 f6 30. exf6 e5 31. Qd5 Nb7 32. f7 1-0

[Event "4NCL 2009-10"]
[Site "Sunningdale ENG"]
[Date "2010.05.02"]
[Round "10"]
[White "Anderton,M"]
[Black "Ledger,A"]
[Result "0-1"]
[WhiteElo "2232"]
[BlackElo "2431"]
[EventDate "2009.10.24"]

1. e4 e5 2. Nf3 Nc6 3. Bb5 a6 4. Ba4 Nf6 5. O-O Be7 6. Re1 b5 7. Bb3 d6 8.
c3 O-O 9. h3 Nb8 10. d4 Nbd7 11. Nbd2 Bb7 12. a3 c5 13. Ba2 cxd4 14. cxd4
exd4 15. Nxd4 Nc5 16. Bb1 Re8 17. Nf5 Bf8 18. Ng3 Rc8 19. b3 g6 20. Bb2 Bg7
21. Ra2 h5 22. h4 d5 23. e5 Ng4 24. Nf3 Ne4 25. Bd4 Nc3 26. Bxc3 Rxc3 27.
e6 Bf6 28. Ng5 Bxg5 29. hxg5 Rxe6 30. Rxe6 fxe6 31. Qd2 Qc7 32. Bxg6 Rc1+
0-1

[Event "4NCL 2009-10"]
[Site "Sunningdale ENG"]
[Date "2010.05.02"]
[Round "10"]
[White "Grigoryan Lyell,M"]
[Black "Bates,Ri"]
[Result "0-1"]
[WhiteElo "2122"]
[BlackElo "2383"]
[EventDate "2009.10.24"]

1. d4 Nf6 2. c4 g6 3. Nc3 Bg7 4. e4 d6 5. Nf3 O-O 6. Be2 e5 7. Be3 h6 8. h3
exd4 9. Nxd4 Re8 10. Bf3 Nbd7 11. O-O Nh7 12. Qd2 Ng5 13. Bxg5 hxg5 14. Bg4
Nf6 15. f3 c6 16. Rad1 Nxg4 17. hxg4 Be5 18. Kf2 Qf6 19. Ke2 Bf4 20. Qd3
Kg7 21. Nc2 Be6 22. Ne3 a6 23. Kf2 b5 24. b3 Rh8 25. Rh1 Be5 26. Ne2 Rab8
27. Rxh8 Rxh8 28. cxb5 axb5 29. Rc1 Bd7 30. a4 bxa4 31. bxa4 Ra8 32. Nc4
Bxg4 33. Nb6 Ra5 34. Rxc6 Be6 35. Qd2 Ra7 36. a5 g4 37. f4 g5 38. g3 gxf4
39. Nxf4 Bxf4 40. gxf4 Rxa5 41. Qxa5 Qxf4+ 42. Ke1 Qxe4+ 43. Kd2 Qxc6 44.
Qg5+ Kf8 45. Qd8+ Qe8 46. Qxd6+ Kg8 47. Ke3 Qb5 48. Kf4 Qf1+ 49. Kg3 Qg1+
50. Kh4 Qf2+ 51. Kh5 g3 0-1

[Event "4NCL 2009-10"]
[Site "Sunningdale ENG"]
[Date "2010.05.02"]
[Round "10"]
[White "Punnett,A"]
[Black "Webb,L"]
[Result "0-1"]
[WhiteElo "2094"]
[BlackElo "2321"]
[EventDate "2009.10.24"]

1. e4 e6 2. d4 d5 3. Nc3 Bb4 4. e5 c5 5. a3 Bxc3+ 6. bxc3 Qa5 7. Bd2 cxd4
8. cxd4 Qa4 9. c3 Qxd1+ 10. Kxd1 b6 11. a4 Ba6 12. Bxa6 Nxa6 13. Ne2 Ne7
14. a5 b5 15. Kc2 Nc6 16. Rhb1 Rb8 17. Kd3 Kd7 18. Nc1 Rhc8 19. Nb3 Ke8 20.
Ke3 b4 21. Rc1 bxc3 22. Rxc3 Ne7 23. Rxc8+ Rxc8 24. g4 Rc4 25. Nc1 Nc6 26.
Ne2 Nab4 27. Bxb4 Rxb4 28. h4 a6 29. f4 Rb3+ 30. Kf2 Rb5 31. f5 Rxa5 32.
Rc1 Kd7 33. Ke3 Ra3+ 34. Kf4 Rd3 35. fxe6+ fxe6 36. Ra1 a5 37. Ra4 Rb3 38.
Ra1 Rb4 39. Rd1 a4 40. h5 a3 41. Kg5 Ra4 42. h6 gxh6+ 43. Kxh6 a2 44. Ra1
Nxd4 45. Nc3 Ra3 46. Nxa2 Nc2 47. Rg1 Rxa2 48. Kxh7 Nb4 49. g5 Nc6 50. g6
Rh2+ 51. Kg8 Ne7+ 52. Kg7 Rh5 53. Ra1 Rxe5 54. Ra7+ Kd6 55. Ra6+ Kc5 56.
Kf6 Nxg6 0-1

[Event "4NCL 2009-10"]
[Site "Sunningdale ENG"]
[Date "2010.05.02"]
[Round "10"]
[White "Ledger,D"]
[Black "Shepley,J"]
[Result "0-1"]
[WhiteElo "2245"]
[BlackElo "2022"]
[EventDate "2009.10.24"]

1. e4 d6 2. Nc3 Nf6 3. f4 e5 4. Nf3 Nbd7 5. Bc4 Be7 6. d3 c6 7. a4 b6 8.
O-O Qc7 9. Nh4 g6 10. f5 Bb7 11. Qe1 a6 12. Ba2 d5 13. Bd2 b5 14. Kh1 b4
15. Nd1 a5 16. fxg6 hxg6 17. Nf3 Bc5 18. Ng5 Ng4 19. h3 Ndf6 20. Ne3 O-O-O
21. Nxg4 Nxg4 22. Qg3 Nh6 23. Be3 Bxe3 24. Qxe3 Rde8 25. Qf3 f5 26. exd5
Ng4 27. c3 e4 28. Qf4 cxd5 29. cxb4 Qxf4 30. Rxf4 axb4 31. Nf7 e3 32. Nd6+
Kd7 33. Nxe8 Nf2+ 34. Kg1 Rxe8 35. Rxb4 Bc6 36. Rd4 Kd6 37. Rc1 Ke5 38. Rb4
Nxd3 39. Rxc6 Nxb4 40. Rc3 d4 41. Ra3 e2 0-1

[Event "4NCL 2009-10"]
[Site "Sunningdale ENG"]
[Date "2010.05.02"]
[Round "10"]
[White "Stimpson,P"]
[Black "Yurenok,M"]
[Result "1/2-1/2"]
[WhiteElo "2085"]
[BlackElo "1981"]
[EventDate "2009.10.24"]

1. e4 c5 2. Nc3 Nc6 3. Nf3 e6 4. Bb5 Nge7 5. O-O a6 6. Bxc6 Nxc6 7. d4 cxd4
8. Nxd4 Qc7 9. Re1 Bd6 10. h3 Nxd4 11. Qxd4 f6 12. Be3 b5 13. Rad1 Be5 14.
Qb4 Bb7 15. a4 Qc4 16. Qxc4 bxc4 17. Bc5 Rc8 18. Bb4 Bxc3 19. Bxc3 Bc6 20.
a5 Kf7 21. Rd6 Rb8 22. f3 Rb7 23. Red1 e5 24. Kf2 Re8 25. Ke3 Re6 26. R6d2
h6 27. g4 Re8 28. h4 g6 29. Re1 Reb8 30. Rd6 g5 31. h5 1/2-1/2